000 00350 a2200145 4500
001 158781
020 _a
040 _cMagnum
100 _a-
240 1 0 _aGrande dicionario enciclopedico novo brasil/l.port/h-o
_lpor
245 1 0 _aGrande dicionario enciclopedico novo brasil/l.port/h-o
362 0 _a1899
697 _aDICIONARIOS
942 _cBK
999 _c158781
_d158781